Continents of World Capitals Quiz Stats

Quiz Updated Jun 15, 2015

Challenge
Share
Tweet
Embed
Score 0/28 Timer 03:00
23 Plays Today
Capital Continent % Correct
Helsinki???
94.3%
Hanoi???
93.5%
Lisbon???
92.2%
Kuwait City???
92.1%
Lima???
91.1%
Tehran???
88%
Kyiv???
87.6%
Jakarta???
86.5%
Manila???
85.6%
Addis Ababa???
85%
Mbabane???
84.5%
Wellington???
80.5%
Zagreb???
80%
Ouagadougou???
79%
Capital Continent % Correct
Khartoum???
70.7%
Niamey???
70.3%
Vaduz???
69.6%
Freetown???
67.8%
Yerevan???
67%
Vientiane???
63.9%
Antananarivo???
61.6%
Managua???
55.1%
Banjul???
54.7%
Roseau???
45%
Georgetown???
44.1%
Castries???
42.1%
Port Vila???
37.4%
Honiara???
35%

You're not logged in!

Compare scores with friends on all Sporcle quizzes.
Sign Up with Email
OR
Log In

You Might Also Like...

Show Comments

Extras

Top Quizzes Today


Score Distribution

Your Account Isn't Verified!

In order to create a playlist on Sporcle, you need to verify the email address you used during registration. Go to your Sporcle Settings to finish the process.